Statistics for This is Us Cast - with pictures

Click here to take the quiz!

General Stats

  • This quiz has been taken 4 times
  • The average score is 8 of 12

Answer Stats

Answer% Correct
Jack Pearson
100%
Kate Pearson
100%
Kevin Pearson
100%
Randall Pearson
100%
Annie Pearson
67%
Beth Pearson
67%
Deja Pearson
67%
Rebecca Pearson
67%
Tess Pearson
67%
Toby Damon
67%
Miguel Rivas
33%
Madison Simmons
0%

Score Distribution

Percentile by Number Answered

Percent of People with Each Score

Your Score History

You have not taken this quiz